Normal view
MARC view
- HINA AFTAB
Entry Personal Name
001 - CONTROL NUMBER
- control field: 72866
003 - CONTROL NUMBER IDENTIFIER
- control field: NUST
005 - DATE AND TIME OF LATEST TRANSACTION
- control field: 20210628204929.0
008 - FIXED-LENGTH DATA ELEMENTS
- fixed length control field: 210628|| aca||aabn | a|a d
040 ## - CATALOGING SOURCE
- Original cataloging agency: NUST
- Transcribing agency: NUST
100 ## - HEADING--PERSONAL NAME
- Personal name: HINA AFTAB
670 ## - SOURCE DATA FOUND
- Source citation: Work cat.: (NUST): HINA AFTAB, , TH-SOF-0613-ESTIMATION OF GREY TRAFFIC AND RATIONALIZATION OF MEASURES TO CURB ILLEGAL INTERNATIONAL, 2018
